Score 0/20 Timer 03:00
1 Play Today
Hint 4-letter word % Correct
Where Pink Floyd wishes you wereHERE
97.6%
What Billy Joel didn't startFIRE
97.5%
Group of cattleHERD
97.3%
Son of HomerBART
97.3%
What The Beatles want to holdHAND
97.2%
Taxi cab price FARE
97.1%
Select for employmentHIRE
97%
Ernie's muppet friendBERT
96.7%
Cease to dieLIVE
96.5%
Tie up a shoeLACE
96.2%
Hint 4-letter word % Correct
The B-52's or The Bee GeesBAND
95.6%
Head scratching problem?LICE
95.1%
What Rihanna and Calvin Harris foundLOVE
95.1%
What The Weeknd can't feelFACE
94.7%
Droplet of sweatBEAD
94.4%
Like a mineral high on the Mohs scaleHARD
94.3%
Twist and turnBEND
93.9%
UnadornedBARE
93.4%
What The Go-Go's gotBEAT
92.8%
What Sonny and Cher gotBABE
86.6%

Today's Daily Dose

Remove Ads.
Support Sporcle.
Get the best of Sporcle when you Go Orange. This ad-free experience offers more features, more stats, and more fun while also helping to support Sporcle. Thank you for becoming a member.

You're not logged in!

Compare scores with friends on all Sporcle quizzes.
OR
Log In

Show Comments

Extras

Top Quizzes Today


Score Distribution

Your Account Isn't Verified!

In order to create a playlist on Sporcle, you need to verify the email address you used during registration. Go to your Sporcle Settings to finish the process.

Report this User

Report this user for behavior that violates our Community Guidelines.

Details: